|
|
|
|
| LEADER |
01546nam a2200409 a 4500 |
| 001 |
000857566 |
| 003 |
CZ BrMZK |
| 005 |
20070815100553.0 |
| 007 |
ta |
| 008 |
070717s2007 xr a e c 000 0 cze |
| 020 |
|
|
|a 978-80-903461-3-0
|q (skládanka)
|
| 040 |
|
|
|a BOA001
|b cze
|
| 043 |
|
|
|a e-xr---
|b e-xr-st
|
| 072 |
|
7 |
|a 902
|x Archeologie
|2 Konspekt
|9 8
|
| 080 |
|
|
|a 728.82
|2 MRF
|
| 080 |
|
|
|a 7.025.3/.4
|2 MRF
|
| 080 |
|
|
|a 902.2
|2 MRF
|
| 080 |
|
|
|a 902:904
|2 MRF
|
| 080 |
|
|
|a (437.312)
|2 MRF
|
| 080 |
|
|
|a (083.824)
|2 MRF
|
| 245 |
0 |
0 |
|a Záchranný archeologický výzkum v areálu Zámku Jirny :
|b Městské muzeum v Čelákovicích : 2. června - 31. října 2007 /
|c [texty Jaroslav Špaček]
|
| 260 |
|
|
|a Čelákovice :
|b Městské muzeum Čelákovice,
|c 2007
|
| 300 |
|
|
|a [6] s. :
|b barev. il. ;
|c 21 cm
|
| 500 |
|
|
|a 600 výt.
|
| 650 |
0 |
7 |
|a zámky
|7 ph127734
|z Česko
|2 czenas
|
| 650 |
0 |
7 |
|a obnova a rekonstrukce památek
|7 ph168233
|z Česko
|2 czenas
|
| 650 |
0 |
7 |
|a archeologické výzkumy
|7 ph118577
|z Česko
|2 czenas
|
| 650 |
0 |
7 |
|a archeologické nálezy
|7 ph137683
|z Česko
|2 czenas
|
| 655 |
|
7 |
|a katalogy výstav
|7 fd132536
|2 czenas
|
| 610 |
2 |
7 |
|a Jirny (zámek)
|7 xx0062496
|2 czenas
|
| 651 |
|
7 |
|a Jirny (Česko)
|7 ge378009
|2 czenas
|
| 700 |
1 |
|
|a Špaček, Jaroslav,
|d 1943-
|7 ola2002109928
|4 wfw
|
| 710 |
2 |
|
|a Městské muzeum (Čelákovice, Česko)
|7 kn20040423004
|
| 910 |
2 |
|
|a BOA001
|b 2-1189.325
|
| 990 |
|
|
|a BK
|
| 991 |
|
|
|b 200708
|c NOV
|
| 996 |
6 |
|
|b 2610316682
|c 2-1189.325
|l MZK
|r Sklad / do 1 hodiny
|n 1
|p p.v.
|w 000857566
|u 000010
|a 1
|e BOA001
|j MZK50
|s P
|